Las tentaciones de San Antonio / (Record no. 184854)

MARC details
000 -LEADER
campo de control de longitud fija 00528nam a2200157 i 4500
001 - NÚMERO DE CONTROL
campo de control 184854
003 - IDENTIFICADOR DE NÚMERO DE CONTROL
campo de control ES-MaACL
005 - FECHA Y HORA DE LA ÚLTIMA TRANSACCIÓN
campo de control 20240128062950.0
008 - DATOS DE LONGITUD FIJA--INFORMACIÓN GENERAL
campo de control de longitud fija 160205q19101920sp |||| | spa d
100 1# - ENTRADA PRINCIPAL--NOMBRE DE PERSONA
Nombre de persona Flaubert, Gustave,
Fechas asociadas al nombre 1821-1880
9 (RLIN) 51134
245 14 - MENCIÓN DEL TÍTULO
Título Las tentaciones de San Antonio /
Mención de responsabilidad, etc. por Gustavo Flaubert.
260 ## - PUBLICACIÓN, DISTRIBUCIÓN, ETC.
Lugar de publicación, distribución, etc. Madrid :
Nombre del editor, distribuidor, etc. Antonio López,
Fecha de publicación, distribución, etc. [191?]
300 ## - DESCRIPCIÓN FÍSICA
Extensión 183 p. ;
Dimensiones 18 cm.
852 ## - LOCALIZACIÓN
Ubicación ES-MaACL
Número de control de estantería T-1423-F-2
Nota libre .- Enc. en un vol. facticio conservando la cub. original
Holdings
Estatus retirado Estado de pérdida Estado de daño No para préstamo Colección Biblioteca de origen Biblioteca actual Ubicación en estantería Fecha de adquisición Fuente de adquisición Total de préstamos Signatura topográfica completa Código de barras Visto por última vez Precio de reemplazo Tipo de ítem Koha
        Colección de folletos Biblioteca del Ateneo de Madrid Biblioteca del Ateneo de Madrid Depósito folletos 05/02/2016     T-1423-F-2 1194682 23/02/2023 23/02/2023 Folleto